00693nam a2200169Ia 4500999001700000041001200017082001200029100006300041245012500104260006600229300001000295536004600305650001400351650002200365942001200387952012400399 c27153d27153 aEnglish aRR.0304 aRamakrishnan, LalithauPondicherry UniversityvPondicherry 0aStudy of marketing of insurance schemes in Rrural areas with special focus on farmers and women / cLalitha Ramakrishnan aNew Delhi :bIndian Council of Social Science Research,c2014 a229p. aIndian Council of Social Science Research aFarm life aInsurance schemes 2ddccBK 001040718IRPaNASSDOCbNASSDOCd2021-11-29eGifted by: RP Division ICSSRl0oRR.0303p51785r2021-12-03 00:00:00yRP